Sports par lettre - L - Statistiques

Statistiques générales
  • Ce quiz a été pris 186 fois
  • Le résultat moyen est 3 sur 6
Statistiques - réponses
Réponse % Correct
Lutte
76%
Lancer de poids
58%
Lancer de javelot
56%
Luge
51%
Lancer de marteau
49%
Lancer de disque
48%
Aucun quiz correspondant
Distribution des résultats
% des personnes avec chaque résultat
Percentile par nombre de réponses
Votre historique - résultats
Vous n’avez pas pris ce quiz